The Nigerian Public Finance and The Nigerian Society (Record no. 2856)

MARC details
000 -LEADER
fixed length control field 00356nam a22001337a 4500
008 - FIXED-LENGTH DATA ELEMENTS--GENERAL INFORMATION
fixed length control field 250404b |||||||| |||| 00| 0 eng d
020 ## - INTERNATIONAL STANDARD BOOK NUMBER
ISBN 9783403013
100 ## - MAIN ENTRY--AUTHOR
Author ARINZE E. Peter
245 ## - TITLE STATEMENT
Title The Nigerian Public Finance and The Nigerian Society
260 ## - PUBLICATION, DISTRIBUTION, ETC. (IMPRINT)
Place of publication Jos
Name of publisher Anet Production Ltd.
Date of publication 1998
300 ## - COLLATION
Pagination vi, 188p.
942 ## - ADDED ENTRY ELEMENTS (KOHA)
Item type Books
050 ## - LIBRARY OF CONGRESS CALL NUMBER
Classification number HJ9929
Item number .A75
Holdings
Source of classification or shelving scheme Not for loan Permanent location Current location Date acquired Accession No. Full call number Barcode. Koha item type
Library of Congress Classification   Samuel Ogbemudia Main Library, University of Abuja Samuel Ogbemudia Main Library, University of Abuja 04/04/2025 99/019725 HJ9929.A75 2025-1186 Books